Plato's Phaedrus (Record no. 282972)

MARC details
000 -LEADER
fixed length control field 00590nam a2200193Ia 4500
008 - FIXED-LENGTH DATA ELEMENTS--GENERAL INFORMATION
fixed length control field 191130s1952##################000#0#eng##
020 ## - INTERNATIONAL STANDARD BOOK NUMBER
ISBN 9780521097031
082 ## - DEWEY DECIMAL CLASSIFICATION NUMBER
Classification number 184 HAC
100 ## - MAIN ENTRY--AUTHOR NAME
Personal name Hackforth, R
245 ## - TITLE STATEMENT
Title Plato's Phaedrus
Statement of responsibility, etc R. Heckforth
260 ## - PUBLICATION, DISTRIBUTION, ETC. (IMPRINT)
Place of publication Cambridge
Name of publisher Cambridge University Press
Year of publication c1952
300 ## - PHYSICAL DESCRIPTION
Number of Pages vii, 172p. 21 cm
500 ## - GENERAL NOTE
General note Includes index. This translation originally published as Plato's examination of pleasure, 1945
650 ## - SUBJECT ADDED ENTRY--TOPICAL TERM
Topical Term Pleasure
991 ## -
-- 291824
Holdings
Withdrawn status Lost status Damaged status Not for loan Home library Current library Shelving location Date acquired Full call number Accession Number Price effective from Koha item type
        Anna Centenary Library Anna Centenary Library 3RD FLOOR, A WING 15.10.2020 184 HAC 193733 15.10.2020 English Books

Find us on the map